[Event "4NCL/Div4b/FCA2 vs. GREN"]
[Site "Telford ENG"]
[Date "2005.05.30"]
[Round "11.5"]
[White "Shaw, John S"]
[Black "Hibbitt, Arthur M"]
[Result "0-1"]
[WhiteElo "1950"]
[BlackElo "1975"]
[PlyCount "62"]
[EventDate "2005.05.30"]
[SourceDate "2004.09.21"]

1. d4 e6 2. Nf3 b6 3. c4 Bb7 4. Nc3 Bb4 5. e3 Nf6 6. Bd3 Ne4 7. O-O Nxc3 8.
bxc3 Bxc3 9. Rb1 d6 10. Rb3 Ba5 11. e4 Nd7 12. Ba3 c5 13. e5 dxe5 14. dxe5 Bxf3
15. Qxf3 Nxe5 16. Qg3 Ng6 17. Bb2 O-O 18. Bxg6 hxg6 19. Qe5 f6 20. Qxe6+ Rf7
21. Rg3 Qe7 22. Qg4 g5 23. Qh5 Qe4 24. Rh3 Rff8 25. Qh8+ Kf7 26. Qh5+ Qg6 27.
Qf3 Rfd8 28. Rd1 Rxd1+ 29. Qxd1 Rd8 30. Qc1 Rd2 31. Re3 Qc2 0-1

[Event "4NCL/Div4b/ADD vs. SLOS3"]
[Site "Telford ENG"]
[Date "2005.05.30"]
[Round "11.1"]
[White "Connell, Blair"]
[Black "Williams, Samuel G"]
[Result "1/2-1/2"]
[WhiteElo "2262"]
[BlackElo "2207"]
[PlyCount "34"]
[EventDate "2005.05.30"]
[SourceDate "2004.09.21"]

1. e4 c5 2. Nf3 Nc6 3. Bb5 g6 4. Bxc6 dxc6 5. d3 Bg7 6. Nc3 e5 7. Be3 Qe7 8. h3
Nf6 9. Qd2 Nd7 10. Bh6 f6 11. Ne2 Nf8 12. Bxg7 Qxg7 13. c3 Ne6 14. d4 cxd4 15.
cxd4 exd4 16. Nexd4 O-O 17. O-O Re8 1/2-1/2

[Event "4NCL/Div4b/ADD vs. SLOS3"]
[Site "Telford ENG"]
[Date "2005.05.30"]
[Round "11.2"]
[White "Kahar, Krunal"]
[Black "Dupré, Paul D"]
[Result "1-0"]
[WhiteElo "2209"]
[BlackElo "2057"]
[PlyCount "67"]
[EventDate "2005.05.30"]
[SourceDate "2004.09.21"]

1. Nf3 d5 2. b3 Bg4 3. Bb2 e6 4. e3 Nd7 5. Be2 Ngf6 6. d4 c6 7. O-O h6 8. Nbd2
Be7 9. c4 O-O 10. Rc1 Re8 11. h3 Bf5 12. Nh2 Bh7 13. a3 a5 14. Ng4 Kh8 15. Nxf6
Nxf6 16. Nf3 Ne4 17. Ne5 Rf8 18. c5 Bg5 19. Bd3 Qc7 20. f4 Bf6 21. Bxe4 Bxe4
22. Nd3 g5 23. Nf2 Bg6 24. Ng4 Bd8 25. Ne5 gxf4 26. exf4 Be4 27. Qh5 Kg7 28.
Rc3 f6 29. Rg3+ Kh7 30. f5 Rg8 31. Rxg8 Kxg8 32. Qe8+ Kg7 33. Qg6+ Kf8 34. Bc1
1-0

[Event "4NCL/Div4b/ADD vs. SLOS3"]
[Site "Telford ENG"]
[Date "2005.05.30"]
[Round "11.3"]
[White "McLeod, Ian S"]
[Black "Rees, Ioan"]
[Result "0-1"]
[WhiteElo "1900"]
[BlackElo "2218"]
[PlyCount "108"]
[EventDate "2005.05.30"]
[SourceDate "2004.09.21"]

1. d4 Nf6 2. Nf3 c5 3. c3 b6 4. g3 Bb7 5. Bg2 g6 6. dxc5 bxc5 7. Qb3 Qb6 8.
Nbd2 d5 9. O-O Bg7 10. a3 O-O 11. Qxb6 axb6 12. Ne5 Ne8 13. Ndf3 f6 14. Ng4 e5
15. Nh6+ Kh8 16. h4 e4 17. Nh2 f5 18. Bg5 Bf6 19. Bxf6+ Nxf6 20. g4 Kg7 21. g5
Nfd7 22. f4 Nc6 23. Rfd1 Na5 24. Nf1 b5 25. Ne3 Nb6 26. h5 Nac4 27. Nxc4 bxc4
28. hxg6 hxg6 29. e3 Bc6 30. Rd2 Rfb8 31. Bh3 Bd7 32. Bf1 Be6 33. Be2 Na4 34.
Ra2 d4 35. exd4 e3 36. Rd1 Nxb2 37. Rb1 Nd3 38. Rxb8 Rxb8 39. dxc5 Nxf4 40. Kh2
Bd5 41. a4 Ne6 42. Kg3 Nxg5 43. Nxf5+ gxf5 44. Kf4 Ne4 45. Kxe3 Nxc3 46. Ra3
Nxe2 47. Kxe2 Rb2+ 48. Ke1 Rb3 49. Ra1 c3 50. Rc1 Be4 51. Ke2 c2 52. c6 Rc3 53.
a5 Rxc6 54. Kd2 Kf6 0-1

[Event "4NCL/Div4b/ADD vs. SLOS3"]
[Site "Telford ENG"]
[Date "2005.05.30"]
[Round "11.4"]
[White "Ignacz, Maria"]
[Black "Hamilton, Robert"]
[Result "1-0"]
[WhiteElo "2195"]
[BlackElo "1970"]
[PlyCount "35"]
[EventDate "2005.05.30"]
[SourceDate "2004.09.21"]

1. d4 Nf6 2. c4 e6 3. g3 c5 4. Nf3 cxd4 5. Nxd4 Nc6 6. Bg2 a6 7. O-O Be7 8. Nc3
O-O 9. e4 Qc7 10. Re1 d6 11. a3 Bd7 12. b3 Rac8 13. Bb2 Rfd8 14. Rc1 Qb8 15.
Nf3 b5 16. Qe2 bxc4 17. Qxc4 Nxe4 18. Qxe4 1-0

[Event "4NCL/Div4b/ADD vs. SLOS3"]
[Site "Telford ENG"]
[Date "2005.05.30"]
[Round "11.5"]
[White "Klein, Cornelia"]
[Black "Nelson, Omowale"]
[Result "0-1"]
[WhiteElo "1945"]
[BlackElo "2086"]
[PlyCount "84"]
[EventDate "2005.05.30"]
[SourceDate "2004.09.21"]

1. e4 c6 2. d4 d5 3. exd5 cxd5 4. c4 Nf6 5. Nc3 e6 6. a3 dxc4 7. Bxc4 a6 8. b4
b5 9. Bb3 Bb7 10. Nf3 Be7 11. Be3 O-O 12. O-O Qd6 13. Qd2 Rd8 14. Rfd1 Nbd7 15.
Bf4 Qb6 16. d5 exd5 17. Qa2 a5 18. Nxd5 Nxd5 19. Bxd5 axb4 20. Bxf7+ Kh8 21.
Qe2 Qf6 22. Bg5 Bxf3 23. Bxf6 Bxe2 24. Bxe7 Bxd1 25. Bxd8 Bc2 26. Be7 b3 27.
Re1 h6 28. f4 Nb6 29. Bb4 Nc4 30. Bd5 Rd8 31. Bxc4 bxc4 32. Bc3 Rd3 33. Re8+
Kh7 34. Be5 c3 35. Re7 Kg8 36. Rxg7+ Kf8 37. Bxc3 Rxc3 38. Rb7 Be4 39. Rb4 Bd5
40. g4 Rc2 41. Kf1 b2 42. Ke1 Rc1+ 0-1

[Event "4NCL/Div4b/ADD vs. SLOS3"]
[Site "Telford ENG"]
[Date "2005.05.30"]
[Round "11.6"]
[White "de Coverly, Roger"]
[Black "Goggin, Eamonn P"]
[Result "1-0"]
[WhiteElo "2093"]
[BlackElo "1870"]
[PlyCount "73"]
[EventDate "2005.05.30"]
[SourceDate "2004.09.21"]

1. Nf3 Nf6 2. g3 d5 3. Bg2 Bf5 4. O-O h6 5. c4 c6 6. b3 e6 7. Bb2 Be7 8. d3 O-O
9. Nbd2 Nbd7 10. a3 a6 11. Ra2 b5 12. Qa1 Rc8 13. Re1 Bh7 14. b4 bxc4 15. dxc4
Nb6 16. c5 Nbd7 17. Nb3 Qc7 18. Bc3 Rfe8 19. Na5 Bd8 20. Be5 Qa7 21. Nb3 Nxe5
22. Nxe5 Nd7 23. Nxd7 Qxd7 24. e4 Bxe4 25. Bxe4 dxe4 26. Rd2 Qc7 27. Rxe4 Bf6
28. Qd1 Rcd8 29. Ree2 Rxd2 30. Rxd2 Rd8 31. Rxd8+ Bxd8 32. Qd6 Qxd6 33. cxd6
Kf8 34. Nd4 a5 35. bxa5 Bxa5 36. Nxc6 Bb6 37. d7 1-0

[Event "4NCL/Div4b/BCA vs. WWKS2"]
[Site "Telford ENG"]
[Date "2005.05.30"]
[Round "11.1"]
[White "Mordue, A Tyson"]
[Black "Cooper, David M"]
[Result "1/2-1/2"]
[WhiteElo "2288"]
[BlackElo "2095"]
[PlyCount "77"]
[EventDate "2005.05.30"]
[SourceDate "2004.09.21"]

1. e4 e6 2. d4 d5 3. Nd2 Nf6 4. Bd3 c5 5. e5 Nfd7 6. c3 Nc6 7. Ne2 cxd4 8. cxd4
f6 9. exf6 Qxf6 10. Nf3 h6 11. O-O Bd6 12. Nc3 O-O 13. Be3 Rd8 14. a3 Nf8 15.
b4 Bd7 16. Re1 Be8 17. b5 Ne7 18. Ne5 Neg6 19. Ng4 Qe7 20. Bc1 Qc7 21. Bd2 Rac8
22. g3 Ne7 23. Ne5 Bxe5 24. Rxe5 Bg6 25. Bf1 Nf5 26. Qa4 Qb6 27. Ne2 Rc4 28.
Qa5 Qxa5 29. Bxa5 Rdc8 30. Nf4 Nxd4 31. Nxg6 Nxg6 32. Re3 Rc1 33. Rxc1 Rxc1 34.
Kg2 Kf7 35. h4 Nf5 36. Rb3 Ne5 37. b6 axb6 38. Rxb6 Rc7 39. Rxe6 1/2-1/2

[Event "4NCL/Div4b/BCA vs. WWKS2"]
[Site "Telford ENG"]
[Date "2005.05.30"]
[Round "11.2"]
[White "Emanuel, John"]
[Black "Ross, Chris"]
[Result "1/2-1/2"]
[WhiteElo "2040"]
[BlackElo "2122"]
[PlyCount "79"]
[EventDate "2005.05.30"]
[SourceDate "2004.09.21"]

1. c4 e6 2. g3 d5 3. Bg2 Nf6 4. cxd5 exd5 5. d4 Be7 6. Nf3 O-O 7. O-O c6 8. Nc3
Bf5 9. h3 Nbd7 10. Bf4 Re8 11. Rc1 Rc8 12. Qb3 Qb6 13. Qxb6 axb6 14. Rfd1 Bb4
15. Be3 h6 16. Kh2 Ra8 17. a3 Bd6 18. Bd2 b5 19. Ra1 Nb6 20. e3 Nc4 21. Bc1 b4
22. Nb1 Ra7 23. Nfd2 Nxd2 24. Bxd2 Rea8 25. Bc1 b5 26. Re1 bxa3 27. bxa3 b4 28.
Re2 Bd3 29. Rd2 Bc4 30. Kg1 bxa3 31. Bf1 Ne4 32. Rc2 a2 33. Nd2 Nxd2 34. Bxd2
Bxf1 35. Kxf1 Ra6 36. Ke2 Kf8 37. Kd1 Ke7 38. Ke2 Kd7 39. Bc3 Ra4 40. Bd2
1/2-1/2

[Event "4NCL/Div4b/BCA vs. WWKS2"]
[Site "Telford ENG"]
[Date "2005.05.30"]
[Round "11.3"]
[White "Armstrong, William G"]
[Black "Karim, Amar"]
[Result "1/2-1/2"]
[WhiteElo "1960"]
[BlackElo "2095"]
[PlyCount "62"]
[EventDate "2005.05.30"]
[SourceDate "2004.09.21"]

1. d4 d6 2. e4 Nf6 3. Nc3 Nbd7 4. Nf3 e5 5. dxe5 dxe5 6. Bc4 h6 7. O-O Be7 8.
Qe2 c6 9. a3 Qc7 10. b4 Nf8 11. h3 g5 12. Nh2 Ng6 13. Rd1 Rg8 14. Ng4 Bxg4 15.
hxg4 Nf4 16. Bxf4 gxf4 17. b5 Nxg4 18. bxc6 bxc6 19. Na4 Rg7 20. Rd3 Qa5 21.
Bb3 Bc5 22. Nxc5 Qxc5 23. Rad1 Qe7 24. Ba4 Rg6 25. Rh3 Qg5 26. Qf3 Rb8 27. Kf1
Kf8 28. Ke2 Qe7 29. Qc3 Qb7 30. Qc5+ Kg8 31. Bb3 Qc8 1/2-1/2

[Event "4NCL/Div4b/BCA vs. WWKS2"]
[Site "Telford ENG"]
[Date "2005.05.30"]
[Round "11.4"]
[White "Malik, Dani"]
[Black "Hilton, Steve"]
[Result "0-1"]
[WhiteElo "1905"]
[BlackElo "1850"]
[PlyCount "106"]
[EventDate "2005.05.30"]
[SourceDate "2004.09.21"]

1. e4 c5 2. c3 Nf6 3. e5 Nd5 4. d4 cxd4 5. cxd4 Nc6 6. Nf3 d6 7. Bc4 Nb6 8. Bb3
d5 9. Nh4 e6 10. Nf3 Be7 11. O-O Bd7 12. Nc3 Rc8 13. Bf4 Na5 14. Rc1 Nxb3 15.
axb3 O-O 16. Qd3 a6 17. Rfd1 Na8 18. Na4 Bb5 19. Qe3 Bxa4 20. Rxc8 Qxc8 21.
bxa4 Qc2 22. Rc1 Qxa4 23. Bg5 Bxg5 24. Qxg5 Qb4 25. Qd2 Qb5 26. Rc5 Qa4 27. h3
Nb6 28. Qc1 Nc4 29. Nd2 Na5 30. Qc3 Nc6 31. Nf3 h6 32. Kh2 Qd1 33. b4 Qb1 34.
b5 axb5 35. Nd2 Qe1 36. Kg3 Qe2 37. Nf3 b4 38. Qb3 Qe4 39. Qb2 f6 40. Qc2 fxe5
41. Qxe4 dxe4 42. Nxe5 Nxd4 43. f3 exf3 44. Nxf3 Nxf3 45. gxf3 Rf5 46. Rc1 Rb5
47. Kf4 Kf7 48. Ke4 b3 49. Kf4 b2 50. Rb1 Kf6 51. Kg4 g5 52. Kg3 Ke5 53. Kg4
Kd4 0-1

[Event "4NCL/Div4b/BCA vs. WWKS2"]
[Site "Telford ENG"]
[Date "2005.05.30"]
[Round "11.5"]
[White "Cohn, Hans"]
[Black "Malik, Kaiser"]
[Result "1/2-1/2"]
[WhiteElo "1835"]
[BlackElo "1830"]
[PlyCount "56"]
[EventDate "2005.05.30"]
[SourceDate "2004.09.21"]

1. c4 e6 2. Nf3 Nf6 3. g3 d5 4. Bg2 c5 5. cxd5 exd5 6. d4 Nc6 7. O-O Bg4 8.
dxc5 Bxc5 9. Nbd2 O-O 10. Nb3 Bb6 11. Bg5 Be6 12. Nbd4 h6 13. Nxc6 bxc6 14.
Bxf6 Qxf6 15. Qd2 g5 16. e3 Rfd8 17. Nd4 Rac8 18. Rac1 c5 19. Nxe6 fxe6 20. Qc3
Qxc3 21. Rxc3 d4 22. exd4 cxd4 23. Rxc8 Rxc8 24. Be4 e5 25. Re1 Kf7 26. Re2
Rc1+ 27. Kg2 Rd1 28. Bc2 Rc1 1/2-1/2

[Event "4NCL/Div4b/BCA vs. WWKS2"]
[Site "Telford ENG"]
[Date "2005.05.30"]
[Round "11.6"]
[White "Malik, Faraz"]
[Black "Murphy, Richard LW"]
[Result "1/2-1/2"]
[WhiteElo "1525"]
[BlackElo "1725"]
[PlyCount "53"]
[EventDate "2005.05.30"]
[SourceDate "2004.09.21"]

1. e4 e6 2. Nf3 d5 3. e5 c5 4. b4 Bd7 5. bxc5 Bxc5 6. d4 Be7 7. Bd3 Nc6 8. c3
f6 9. O-O Qc7 10. Bf4 f5 11. Qb3 Na5 12. Qb2 Qb6 13. Qxb6 axb6 14. Nbd2 Rc8 15.
Rfc1 Ba3 16. Rc2 Ba4 17. Nb3 Ne7 18. Bc1 Bxc1 19. Raxc1 O-O 20. Nfd2 Rc7 21. c4
Rfc8 22. cxd5 Rxc2 23. Rxc2 Rxc2 24. Bxc2 Nxd5 25. Nxa5 Bxc2 26. Nxb7 Nc3 27.
Nf3 1/2-1/2

[Event "4NCL/Div4b/HKF2 vs. BRJ"]
[Site "Telford ENG"]
[Date "2005.05.30"]
[Round "11.1"]
[White "Britton, Richard L"]
[Black "Richmond, Peter A"]
[Result "1/2-1/2"]
[WhiteElo "2323"]
[BlackElo "2257"]
[PlyCount "65"]
[EventDate "2005.05.30"]
[SourceDate "2004.09.21"]

1. e4 c5 2. Nc3 e6 3. f4 Nc6 4. Nf3 Nf6 5. d3 d5 6. Be2 dxe4 7. dxe4 Qxd1+ 8.
Bxd1 Be7 9. e5 Nd5 10. Ne4 b6 11. a3 Ba6 12. Be2 Bxe2 13. Kxe2 O-O-O 14. c4 Nc7
15. Be3 Rd7 16. Rhd1 Rhd8 17. Rxd7 Rxd7 18. Nf2 Na5 19. Rc1 Na6 20. Nd3 Rc7 21.
g3 Nb8 22. Nd2 Nbc6 23. Rb1 Rd7 24. b4 cxb4 25. axb4 Nb7 26. Nf3 Kc7 27. Bf2
Rd8 28. h4 h5 29. Be3 g6 30. Rb2 Rd7 31. b5 Nca5 32. Nd2 Kb8 33. Nb4 1/2-1/2

[Event "4NCL/Div4b/HKF2 vs. BRJ"]
[Site "Telford ENG"]
[Date "2005.05.30"]
[Round "11.2"]
[White "Headlong, Timothy"]
[Black "Broomfield, Matthew"]
[Result "1/2-1/2"]
[WhiteElo "2213"]
[BlackElo "2288"]
[PlyCount "66"]
[EventDate "2005.05.30"]
[SourceDate "2004.09.21"]

1. c4 Nf6 2. Nc3 e6 3. Nf3 b6 4. e4 Bb7 5. Bd3 d5 6. cxd5 exd5 7. e5 Ne4 8. O-O
Be7 9. Bc2 O-O 10. d4 Nd7 11. Bb3 Nxc3 12. bxc3 Re8 13. Qd3 c5 14. Bc2 g6 15.
Re1 Qc8 16. h4 cxd4 17. cxd4 Ba6 18. Qd1 Nf8 19. Ba4 Rd8 20. Bg5 Bxg5 21. Nxg5
Ne6 22. Rc1 Bc4 23. Nxe6 Qxe6 24. Bb3 Rac8 25. h5 Rc6 26. Rc3 Bxb3 27. Rxb3
Rdc8 28. Rf3 Qg4 29. hxg6 hxg6 30. Qa4 a5 31. Rg3 Qf5 32. Rf3 Qg4 33. Rg3 Qf5
1/2-1/2

[Event "4NCL/Div4b/HKF2 vs. BRJ"]
[Site "Telford ENG"]
[Date "2005.05.30"]
[Round "11.3"]
[White "Cooper, Lawrence"]
[Black "Haydon, Richard"]
[Result "1/2-1/2"]
[WhiteElo "2308"]
[BlackElo "2205"]
[PlyCount "77"]
[EventDate "2005.05.30"]
[SourceDate "2004.09.21"]

1. e4 c5 2. Nf3 Nc6 3. Bb5 g6 4. Bxc6 dxc6 5. d3 Bg7 6. h3 e5 7. Be3 Qe7 8. Qd2
Nf6 9. Nc3 Nd7 10. Bh6 f6 11. Nh2 Nf8 12. O-O Ne6 13. Ne2 Bd7 14. Bxg7 Qxg7 15.
f4 O-O-O 16. fxe5 fxe5 17. Rf2 h5 18. Raf1 Rhf8 19. Rxf8 Rxf8 20. Rxf8+ Qxf8
21. Nf3 Qf6 22. Qh6 Kc7 23. Kf2 Nd8 24. Qg5 Qxg5 25. Nxg5 Kd6 26. Kg3 Ke7 27.
Ng1 Kf6 28. Kh4 Be6 29. b3 Bg8 30. N1f3 Ne6 31. Nxe6 Bxe6 32. g4 hxg4 33. hxg4
Bf7 34. g5+ Ke6 35. Kg3 Kd6 36. Kf2 b5 37. Ke3 a5 38. a3 Be6 39. Nh4 1/2-1/2

[Event "4NCL/Div4b/HKF2 vs. BRJ"]
[Site "Telford ENG"]
[Date "2005.05.30"]
[Round "11.4"]
[White "Bourne, Johnathan"]
[Black "Lindner, Daniel"]
[Result "1/2-1/2"]
[WhiteElo "2100"]
[BlackElo "2247"]
[PlyCount "38"]
[EventDate "2005.05.30"]
[SourceDate "2004.09.21"]

1. e4 e5 2. f4 exf4 3. Bc4 Nf6 4. Nc3 c6 5. Bb3 d5 6. exd5 cxd5 7. d4 Bb4 8.
Bxf4 Ne4 9. Qf3 O-O 10. Nge2 Nc6 11. O-O Bxc3 12. Nxc3 Nxd4 13. Qd3 Nxb3 14.
axb3 Nxc3 15. bxc3 Be6 16. Be3 a6 17. Bd4 f6 18. Rf2 Bf7 19. Qg3 Bg6 1/2-1/2

[Event "4NCL/Div4b/HKF2 vs. BRJ"]
[Site "Telford ENG"]
[Date "2005.05.30"]
[Round "11.5"]
[White "Burrows, Martin P"]
[Black "Hall, Daniel J"]
[Result "1/2-1/2"]
[WhiteElo "2208"]
[BlackElo "2047"]
[PlyCount "82"]
[EventDate "2005.05.30"]
[SourceDate "2004.09.21"]

1. e4 d5 2. exd5 Nf6 3. Bb5+ Nbd7 4. c4 a6 5. Bxd7+ Bxd7 6. Nf3 b5 7. d3 e6 8.
Qe2 Bb4+ 9. Bd2 Bxd2+ 10. Nbxd2 O-O 11. d6 cxd6 12. O-O Rb8 13. b3 a5 14. Rab1
Qb6 15. Rfc1 Rfc8 16. h3 Rc7 17. Ng5 Bc6 18. Qe3 h6 19. Qxb6 Rxb6 20. Ngf3 Bxf3
21. Nxf3 bxc4 22. dxc4 Rbc6 23. Rd1 d5 24. Ne5 Rc5 25. Nd3 R5c6 26. Ne5 Rc5 27.
cxd5 Nxd5 28. Nc4 Kf8 29. Rd2 a4 30. f3 axb3 31. axb3 Rb5 32. Nd6 Rb6 33. Ne4
Nc3 34. Nxc3 Rxc3 35. Rdb2 Ke7 36. Kf2 Kd6 37. Ke2 Kc5 38. b4+ Kb5 39. Ra1 Ra6
40. Rxa6 Kxa6 41. Ra2+ Kb6 1/2-1/2

[Event "4NCL/Div4b/HKF2 vs. BRJ"]
[Site "Telford ENG"]
[Date "2005.05.30"]
[Round "11.6"]
[White "Cabero, Pablo Padilla"]
[Black "Crombleholme, Alan K"]
[Result "0-1"]
[WhiteElo "2015"]
[BlackElo "2127"]
[PlyCount "70"]
[EventDate "2005.05.30"]
[SourceDate "2004.09.21"]

1. e4 c6 2. d4 d5 3. e5 Bf5 4. g4 Bg6 5. h4 h5 6. e6 Qd6 7. exf7+ Bxf7 8. g5
Nd7 9. Ne2 e5 10. c3 Ne7 11. Nd2 g6 12. Nf3 Bg7 13. Qb3 O-O 14. Be3 Be6 15.
Nxe5 Bxe5 16. dxe5 Nxe5 17. O-O-O Ng4 18. Qxb7 Nxe3 19. fxe3 Bg4 20. Qb4 Qxb4
21. cxb4 Rxf1 22. Rdxf1 Bxe2 23. Rf6 Bg4 24. Kd2 Bf5 25. Rc1 Rb8 26. a3 a5 27.
bxa5 Rxb2+ 28. Kc3 Rb5 29. a4 Rxa5 30. Kb4 Ra8 31. Ra1 d4 32. e4 Bxe4 33. Re6
Nd5+ 34. Kc5 Bc2 35. Rxg6+ Bxg6 0-1

[Event "4NCL/Div4b/MONM vs. MIN2"]
[Site "Telford ENG"]
[Date "2005.05.30"]
[Round "11.1"]
[White "Thomas, Joseff"]
[Black "Parker, Robert"]
[Result "1/2-1/2"]
[WhiteElo "2023"]
[BlackElo "2088"]
[PlyCount "30"]
[EventDate "2005.05.30"]
[SourceDate "2004.09.21"]

1. e4 e5 2. Bc4 Nf6 3. Nf3 Nc6 4. d3 Be7 5. Nc3 O-O 6. Be3 d6 7. Qd2 Na5 8. Bb3
Nxb3 9. axb3 a6 10. O-O-O Ng4 11. Rhg1 c6 12. Kb1 f5 13. exf5 Bxf5 14. h3 Nxe3
15. fxe3 Qb6 1/2-1/2

[Event "4NCL/Div4b/MONM vs. MIN2"]
[Site "Telford ENG"]
[Date "2005.05.30"]
[Round "11.2"]
[White "Hardman, Michael J"]
[Black "Waterfield, John"]
[Result "1/2-1/2"]
[WhiteElo "2100"]
[BlackElo "2045"]
[PlyCount "39"]
[EventDate "2005.05.30"]
[SourceDate "2004.09.21"]

1. e4 c5 2. Nf3 d6 3. d4 cxd4 4. Nxd4 Nf6 5. Nc3 a6 6. Bc4 e6 7. Bb3 b5 8. f4
Bb7 9. f5 e5 10. Nf3 Be7 11. Bd5 Nxd5 12. Nxd5 Bxd5 13. Qxd5 Nd7 14. Be3 O-O
15. O-O-O Rc8 16. Kb1 Qc7 17. Rc1 Nf6 18. Qd3 d5 19. Nd2 Rfd8 20. exd5 1/2-1/2

[Event "4NCL/Div4b/MONM vs. MIN2"]
[Site "Telford ENG"]
[Date "2005.05.30"]
[Round "11.3"]
[White "Thomas, Jac"]
[Black "Hawkins, J Nick"]
[Result "1-0"]
[WhiteElo "1985"]
[BlackElo "2039"]
[PlyCount "45"]
[EventDate "2005.05.30"]
[SourceDate "2004.09.21"]

1. e4 e5 2. Bc4 Nf6 3. Nf3 Nc6 4. d3 Be7 5. Be3 d5 6. exd5 Nxd5 7. Qd2 Nxe3 8.
fxe3 O-O 9. Nc3 a6 10. O-O Kh8 11. Bd5 Bd6 12. Ne4 h6 13. Qe2 Qe7 14. Nfg5 f5
15. Qh5 Rf6 16. Nxf6 Qxf6 17. Qe8+ Bf8 18. Nf7+ Kh7 19. Qxf8 Ne7 20. Qd8 c6 21.
Bb3 a5 22. a4 Ra6 23. Qd6 1-0

[Event "4NCL/Div4b/MONM vs. MIN2"]
[Site "Telford ENG"]
[Date "2005.05.30"]
[Round "11.4"]
[White "Ackley, Peter"]
[Black "Thomas, Kevin"]
[Result "1/2-1/2"]
[WhiteElo "2050"]
[BlackElo "1960"]
[PlyCount "94"]
[EventDate "2005.05.30"]
[SourceDate "2004.09.21"]

1. Nf3 Nf6 2. c4 c5 3. g3 g6 4. Bg2 Bg7 5. O-O O-O 6. Nc3 Nc6 7. d4 cxd4 8.
Nxd4 Nxd4 9. Qxd4 d6 10. Qd3 Rb8 11. Be3 Bf5 12. Qd2 b6 13. Bh6 Qc8 14. Nd5
Nxd5 15. Bxg7 Kxg7 16. cxd5 Qa6 17. Rfc1 Rbc8 18. e4 Bd7 19. b3 Rc5 20. Bf1 Bb5
21. Bxb5 Qxb5 22. b4 Rc4 23. a4 Qxb4 24. Qxb4 Rxb4 25. f3 a5 26. Rcb1 Rc8 27.
Rxb4 axb4 28. Rb1 Rc4 29. Kf2 f5 30. exf5 gxf5 31. Ke3 Kf6 32. Kd3 Rc3+ 33. Kd4
Rxf3 34. Rxb4 Ra3 35. Kc4 Ra2 36. Kb5 Rxh2 37. Kxb6 Rh3 38. a5 Rxg3 39. Ra4 Ke5
40. Kc6 f4 41. a6 f3 42. a7 f2 43. a8=Q f1=Q 44. Qh8+ Qf6 45. Qxh7 Rc3+ 46. Kb7
Rb3+ 47. Kc6 Rc3+ 1/2-1/2

[Event "4NCL/Div4b/MONM vs. MIN2"]
[Site "Telford ENG"]
[Date "2005.05.30"]
[Round "11.5"]
[White "Roberts, Dave"]
[Black "Gillibrand, John"]
[Result "1-0"]
[WhiteElo "1863"]
[BlackElo "2049"]
[PlyCount "95"]
[EventDate "2005.05.30"]
[SourceDate "2004.09.21"]

1. d4 d6 2. e4 g6 3. Nc3 Bg7 4. Be3 Nf6 5. f3 c6 6. Qd2 b5 7. Bh6 O-O 8. g4 e5
9. h4 exd4 10. Bxg7 Kxg7 11. Qxd4 Kg8 12. O-O-O Ne8 13. e5 d5 14. Bd3 f6 15. g5
fxe5 16. Qxe5 Qd6 17. Re1 Qxe5 18. Rxe5 Ng7 19. Nce2 Nd7 20. Re7 Nc5 21. Nd4
Nxd3+ 22. cxd3 c5 23. Nxb5 Bf5 24. Nc7 Rad8 25. Kd2 Rf7 26. Rxf7 Kxf7 27. Ne2
Rd7 28. Na6 Ne6 29. b4 cxb4 30. Nxb4 d4 31. Rc1 Rd6 32. Nc6 Ke8 33. Rc4 Bh3 34.
Ncxd4 Ng7 35. Ra4 a6 36. Rb4 Bd7 37. Rb8+ Ke7 38. Kc3 Ne8 39. Rb3 Nc7 40. Rb7
Nd5+ 41. Kd2 Kd8 42. Nb3 Ne7 43. Nc5 Bc8 44. Ra7 Rd5 45. Ne4 Nc6 46. Rxh7 Nb4
47. Nf4 Ra5 48. Nd6 1-0

[Event "4NCL/Div4b/MONM vs. MIN2"]
[Site "Telford ENG"]
[Date "2005.05.30"]
[Round "11.6"]
[White "Twitchell, Neville H"]
[Black "Lazarus, Sam"]
[Result "1-0"]
[WhiteElo "2010"]
[BlackElo "1605"]
[PlyCount "55"]
[EventDate "2005.05.30"]
[SourceDate "2004.09.21"]

1. e4 e6 2. d4 d5 3. Nc3 Nf6 4. Bg5 dxe4 5. Nxe4 Be7 6. Ng3 h6 7. Be3 a6 8. Nf3
Nc6 9. h3 Qd6 10. c3 e5 11. dxe5 Nxe5 12. Nd4 O-O 13. Be2 Bd7 14. O-O Rad8 15.
Ndf5 Bxf5 16. Nxf5 Qe6 17. Nxe7+ Qxe7 18. Qb3 a5 19. Rfe1 b6 20. Bb5 Nfd7 21.
Bd4 Qg5 22. Re3 c6 23. Be2 Rfe8 24. Rf1 Ng6 25. Rg3 Qe7 26. Rxg6 Qxe2 27. Rxg7+
Kh8 28. Qxf7 1-0

[Event "4NCL/Div2/WGR3 vs. CAMB1"]
[Site "Birmingham ENG"]
[Date "2005.10.22"]
[Round "1.1"]
[White "Woodward, Timothy"]
[Black "Mah, Karl C C"]
[Result "1/2-1/2"]
[WhiteElo "2334"]
[BlackElo "2425"]
[PlyCount "83"]
[EventDate "2005.10.22"]
[SourceDate "2005.10.25"]

1. d4 d5 2. c4 c6 3. Nf3 Nf6 4. Nc3 dxc4 5. a4 Bf5 6. Ne5 Nbd7 7. Nxc4 Nb6 8.
Ne5 a5 9. g3 e6 10. Bg2 Bb4 11. O-O O-O 12. e3 h6 13. Qe2 Bh7 14. Rd1 Nfd5 15.
Bd2 Nc7 16. Be1 Re8 17. e4 Na6 18. f4 f6 19. Nf3 Bf8 20. Bf2 Nb4 21. Rac1 Kh8
22. Kh1 Nd7 23. Rd2 Qe7 24. Qd1 Rad8 25. Ng1 e5 26. dxe5 fxe5 27. f5 Na6 28.
Qe1 Ndc5 29. Rcd1 Bg8 30. g4 Rxd2 31. Rxd2 Nb4 32. Bh4 Qf7 33. g5 Nbd3 34. g6
Qc4 35. Qg3 Nf4 36. f6 Nh5 37. fxg7+ Bxg7 38. Qf3 Nf4 39. Bf1 Qb3 40. Nh3 Rf8
41. Be7 Nxg6 42. Bxf8 1/2-1/2

[Event "4NCL/Div2/WGR3 vs. CAMB1"]
[Site "Birmingham ENG"]
[Date "2005.10.22"]
[Round "1.2"]
[White "Dearing, Eddie"]
[Black "McDonald, Neil"]
[Result "1/2-1/2"]
[WhiteElo "2417"]
[BlackElo "2374"]
[PlyCount "39"]
[EventDate "2005.10.22"]
[SourceDate "2005.10.25"]

1. d4 e6 2. c4 f5 3. g3 Nf6 4. Bg2 c6 5. Nh3 d5 6. O-O Bd6 7. Bf4 O-O 8. Bxd6
Qxd6 9. Nd2 b6 10. Qc2 Ba6 11. Rac1 Nbd7 12. cxd5 cxd5 13. Qa4 Bb7 14. Nf4 a6
15. Nf3 Rfc8 16. Qa3 Qxa3 17. bxa3 Nf8 18. Ng5 Rxc1 19. Rxc1 Rc8 20. Rb1
1/2-1/2

[Event "4NCL/Div2/WGR3 vs. CAMB1"]
[Site "Birmingham ENG"]
[Date "2005.10.22"]
[Round "1.3"]
[White "Tan, Desmond"]
[Black "Alfred, Nathan S W"]
[Result "0-1"]
[WhiteElo "2323"]
[BlackElo "2338"]
[PlyCount "86"]
[EventDate "2005.10.22"]
[SourceDate "2005.10.25"]

1. e4 c5 2. Nc3 e6 3. Nf3 Nc6 4. d4 cxd4 5. Nxd4 Be7 6. Be3 a6 7. a4 Qc7 8. Nb3
b6 9. f4 d6 10. Bd3 Nf6 11. O-O Bb7 12. Qf3 Nd7 13. Qh3 Nb4 14. f5 e5 15. Qg3
h5 16. Qxg7 Bf6 17. Qg3 O-O-O 18. Qf3 Rdg8 19. Rad1 Rg4 20. h3 Rg7 21. Rd2 h4
22. Nd5 Nxd5 23. exd5 Rg3 24. Qe4 Bd8 25. Bf2 Nf6 26. Qe1 Rg7 27. c4 e4 28.
Bxe4 Re8 29. Re2 Qxc4 30. Nd2 Qxa4 31. Bf3 Rxe2 32. Qxe2 Nxd5 33. Ne4 Nf4 34.
Nxd6+ Kb8 35. Qe5 f6 36. Qe8 Nxh3+ 37. Kh1 Nxf2+ 38. Rxf2 Qxe8 39. Nxe8 Re7 40.
Bxb7 Kxb7 41. Nd6+ Kc6 42. Nc4 Bc7 43. Rf1 Bg3 0-1

[Event "4NCL/Div2/WGR3 vs. CAMB1"]
[Site "Birmingham ENG"]
[Date "2005.10.22"]
[Round "1.4"]
[White "Moskovic, David M"]
[Black "Grant, Jonathan"]
[Result "1-0"]
[WhiteElo "2284"]
[BlackElo "2254"]
[PlyCount "55"]
[EventDate "2005.10.22"]
[SourceDate "2005.10.25"]

1. Nf3 Nf6 2. g3 d5 3. Bg2 c5 4. O-O Nc6 5. d3 e5 6. Bg5 Be7 7. Nfd2 h6 8. Bxf6
Bxf6 9. Nc3 Be6 10. e4 d4 11. Nd5 Be7 12. f4 Bd6 13. f5 Bxd5 14. exd5 Ne7 15.
Qg4 Rg8 16. Qh5 Nc8 17. f6 gxf6 18. Ne4 Rg6 19. Bh3 Be7 20. Bf5 Rg8 21. Bxc8
Qxc8 22. d6 Bd8 23. Rxf6 Rg7 24. Raf1 Kd7 25. Qf5+ Ke8 26. Qxe5+ Kd7 27. Rxf7+
Rxf7 28. Rxf7+ 1-0